| 000 | 00515nam a2200157Ia 4500 | ||
|---|---|---|---|
| 008 | 230917s9999||||xx |||||||||||||| ||und|| | ||
| 020 | _cRs. 480.00 | ||
| 040 |
_e5013399 _aMAIN |
||
| 041 | _aEnglish | ||
| 082 | _a954.029 H794S | ||
| 100 | _aHossein-Khan, Seid-Gholam | ||
| 245 | 0 | _aSeir Mutaqherin or review of modern times being an history of India containing in general the reigns of the seven last emperors of Hindostan. 4V | |
| 260 |
_aDelhi _bLow Price Publications _c1990 |
||
| 300 | _av. p. | ||
| 942 | _cBK | ||
| 999 |
_c10444 _d10444 |
||